Potential Hevea clones developed by ortet selection in Assam (Record no. 49086)
[ view plain ]
| 000 -LEADER | |
|---|---|
| fixed length control field | 00506nam a2200205Ia 4500 |
| 100 ## - MAIN ENTRY--AUTHOR NAME | |
| Personal name | Mondal G C |
| 245 #0 - TITLE STATEMENT | |
| Title | Potential Hevea clones developed by ortet selection in Assam |
| 260 ## - PUBLICATION, DISTRIBUTION, ETC. (IMPRINT) | |
| Name of publisher | Rubber Science |
| Year of publication | 2016 |
| 300 ## - PHYSICAL DESCRIPTION | |
| Number of Pages | 178-184 |
| 650 ## - SUBJECT ADDED ENTRY--TOPICAL TERM | |
| Topical Term | Agoclimate |
| 650 ## - SUBJECT ADDED ENTRY--TOPICAL TERM | |
| Topical Term | Mother tree |
| 650 ## - SUBJECT ADDED ENTRY--TOPICAL TERM | |
| Topical Term | Nursery trial |
| 650 ## - SUBJECT ADDED ENTRY--TOPICAL TERM | |
| Topical Term | Ortet |
| 650 ## - SUBJECT ADDED ENTRY--TOPICAL TERM | |
| Topical Term | Yield performance |
| 700 ## - ADDED ENTRY--PERSONAL NAME | |
| Personal name | Das G |
| 700 ## - ADDED ENTRY--PERSONAL NAME | |
| Personal name | Deka H K |
| 700 ## - ADDED ENTRY--PERSONAL NAME | |
| Personal name | Mydin K K |
| 942 ## - ADDED ENTRY ELEMENTS (KOHA) | |
| Koha item type | Bibliography STAF |
| Withdrawn status | Lost status | Damaged status | Not for loan | Home library | Current library | Shelving location | Date acquired | Serial Enumeration / chronology | Koha item type |
|---|---|---|---|---|---|---|---|---|---|
| Bibliography | RRII Library | RRII Library | Botany | 01/01/2021 | Volume 29, Issue 2 | Bibliography STAF |